| 000 | 00464nam a2200181 i 4500 | ||
|---|---|---|---|
| 001 | bgj | ||
| 100 | 1 | _aTRYON, Thomas. | |
| 245 | 1 | 0 |
_aThe Other / _cThomas Tryon. |
| 260 |
_aGreenwich, Conn. : _bFawcett Publication, _c1970. |
||
| 300 |
_a288 pp ; _c18 cm. |
||
| 650 | 9 |
_aFiction in English _xTexts _y1900- |
|
| 020 | _a044902684175 | ||
| 040 | _cBPK | ||
| 041 | 0 | _aeng | |
| 920 | _a0-449-02684-175 | ||
| 942 | _cKS | ||
| 008 | s uk f |000 0 eng | ||
| 999 |
_c48562 _d48562 |
||
| 856 |
_uhttp://koha.tu.koszalin.pl/cgi-bin/koha/opac-detail.pl?biblionumber=48562 _yKatalog online BPK |
||